Most Powerful NATO Countries - Whammies - Statistics

General Stats
  • This quiz has been taken 46 times
  • The average score is 9 of 10
Answer Stats
Power Index NATO Country % Correct
0.1878 France
100%
0.2164 Italy
98%
0.1785 United Kingdom
98%
0.0744 United States
98%
0.2601 Germany
96%
0.3242 Spain
91%
0.5179 Canada
84%
0.1902 Turkey
78%
0.3776 Poland
71%
0.4835 Sweden
47%
No matching quizzes found
Score Distribution
Percent of People with Each Score
Percentile by Number Answered
Your Score History
You have not taken this quiz